2010 MLB Postseason - Statistics

General Stats
  • This quiz has been taken 463 times
  • The average score is 7 of 8
Answers on the Map
Answers color-coded by a green-red scale on the quiz's map according to % correct below.
 
Answer Stats
Team % Correct
New York Yankees
96%
San Francisco Giants
96%
Cincinnati Reds
93%
Texas Rangers
92%
Philadelphia Phillies
80%
Minnesota Twins
77%
Tampa Bay Rays
77%
Atlanta Braves
75%
No matching quizzes found
Score Distribution
Percent of People with Each Score
Percentile by Number Answered
Your Score History
You have not taken this quiz